| 000 | 00760cam a2200253 a 4500 | ||
|---|---|---|---|
| 001 | 16997031 | ||
| 005 | 20180213035229.0 | ||
| 008 | 111012s2012 maua 001 0 eng | ||
| 010 | _a 2011941051 | ||
| 020 | _a9780312552015 (pbk. : alk. paper) | ||
| 020 | _a0312552017 (pbk. : alk. paper) | ||
| 020 | _a9780312552176 (high school ed. : alk. paper) | ||
| 040 |
_aDLC _cDLC |
||
| 041 | _aeng | ||
| 042 | _apcc | ||
| 080 | _a37 ROS | ||
| 082 | _a37 ROS | ||
| 100 | _a47 | ||
| 101 | _aEDU | ||
| 245 | 0 | 0 |
_aModels for writers : _c[editors] Alfred Rosa, Paul Eschholz. |
| 906 |
_a0 _bibc _corignew _d2 _eepcn _f20 _gy-gencatlg |
||
| 942 |
_2ddc _cBK |
||
| 999 |
_c42348 _d42348 |
||